Nigerian weekly law reports (Record no. 38572)

MARC details
000 -LEADER
fixed length control field 00378nam a2200157Ia 4500
022 ## - INTERNATIONAL STANDARD SERIAL NUMBER
ISSN 07941196
050 ## - CALL MARK
Classification number K 1 .N63/
245 #0 - TITLE STATEMENT
Title Nigerian weekly law reports
260 ## - PUBLICATION, DISTRIBUTION, ETC. (IMPRINT)
Place of publication Lagos
260 ## - PUBLICATION, DISTRIBUTION, ETC. (IMPRINT)
Name of publisher Nigerian Law Publications Ltd.
260 ## - PUBLICATION, DISTRIBUTION, ETC. (IMPRINT)
Year of publication 2008
300 ## - PHYSICAL DESCRIPTION
Number of Pages xlv, 637 p. : 25 cm.
942 ## - ADDED ENTRY ELEMENTS (KOHA)
Koha item type Serials

No items available.